Click to Translate - Esperanto - Statistics

General Stats
  • This quiz has been taken 3,325 times
  • The average score is 16 of 20
Answer Stats
Hint Answer % Correct
Friend Amiko
94%
Thirty Tridek
93%
Tooth Dento
92%
Large Granda
92%
Red Ruĝa
92%
Sunday Dimanĉo
91%
Write Skribi
91%
Brother Frato
90%
Sea Maro
89%
Eye Okulo
89%
Apple Pomo
88%
House Domo
85%
Hello Saluton
85%
Think Pensi
84%
Dog Hundo
81%
Snow Neĝo
75%
We Ni
65%
Now Nun
65%
And Kaj
46%
Why Kial
41%
No matching quizzes found
Score Distribution
Percent of People with Each Score
Percentile by Number Answered
Your Score History
You have not taken this quiz